000
00375nam a2200145Ia 4500
008
100122s9999 xx 000 0 und d
082
_b
31799
_a
823
100
_a
फडके ना सी
245
_a
खेळणी
260
_b
पं.अ.कुलकर्णी
_c
1905
300
_a
232
630
_a
खेळणी
730
_a
खेळणी
942
_c
BOOK
999
_c
416309
_d
416306